Catalog

Record Details

Catalog Search



Eurabia : mýtus nebo realita budoucnosti?  Cover Image Book Book

Eurabia : mýtus nebo realita budoucnosti? / autor: Lukáš Lhoťan

Summary:

Knížka se pokouší o stručnou charakteristiku hlavních rysů islámu, popisuje hlavní rozdíly mezi západní a islámskou civilizací, vysvětluje vztah islámu ke svobodě, věnuje pozornost problému rostoucího počtu muslimů v Evropě, vysvětluje pojem džihád, nepodceňuje riziko islámské hrozby pro Českou republiku a rovněž zpochybňuje názor o ekonomickém přínosu muslimských imigrantů.
Výklady věnované hrozbě plíživé islamizace Evropy a České republiky.

Record details

  • ISBN: 978-80-906030-3-5
  • Physical Description: 104 stran : ilustrace, portréty, faksimile ; 15 cm
  • Edition: Vydání: první
  • Publisher: V Pstruží : Lukáš Lhoťan, 2015
Subject: islamizace > Evropa > 21. století
islám a společnost > Evropa > 21. století
islám a společnost > Česko > 21. století
křesťanství a islám > Evropa > 21. století
krize (společnost) > Evropa > 21. století
islamismus > 21. století
islamisation > Europe > 21st century
Islam and society > Europe > 21st century
Islam and society > Czechia > 21st century
Christianity and Islam > Europe > 21st century
social crisis > Europe > 21st century
Islamism > 21st century
Genre: studie
studies

Available copies

  • 1 of 1 copy available at Common Catalog SPOK.

Holds

  • 0 current holds with 1 total copy.
Show Only Available Copies
Location Call Number / Copy Notes Barcode Shelving Location Status Due Date
ETS Library 297 424470015603 Volný výběr Available -

LDR 02602cam a2200565 i 4500
00135168
003CZ-PrJAB
00520171020134000.0
007ta
008151110s2015 xr ach e 000 0 slo d
015 . ‡acnb002755987
020 . ‡a978-80-906030-3-5 ‡q(brožováno)
035 . ‡a(CONS)12903
035 . ‡a(CZ PrSKC)nkc20152755987
035 . ‡a(OCoLC)953515277
040 . ‡aULG001 ‡bcze ‡dABA001 ‡erda
043 . ‡ae------ ‡ae-xr---
045 . ‡ay-y-
072 7. ‡a28 ‡xIslám ‡2Konspekt ‡95
082 . ‡a297
1001 . ‡aLhoťan, Lukáš, ‡d1980- ‡7jx20111014016 ‡4aut
24510. ‡aEurabia : ‡bmýtus nebo realita budoucnosti? / ‡cautor: Lukáš Lhoťan
2461 . ‡iNázev v tiráži: ‡aEurabia - mýtus nebo realita budoucnosti?
250 . ‡aVydání: první
264 1. ‡aV Pstruží : ‡bLukáš Lhoťan, ‡c2015
300 . ‡a104 stran : ‡bilustrace, portréty, faksimile ; ‡c15 cm
336 . ‡atext ‡btxt ‡2rdacontent
337 . ‡abez média ‡bn ‡2rdamedia
338 . ‡asvazek ‡bnc ‡2rdacarrier
520 . ‡aKnížka se pokouší o stručnou charakteristiku hlavních rysů islámu, popisuje hlavní rozdíly mezi západní a islámskou civilizací, vysvětluje vztah islámu ke svobodě, věnuje pozornost problému rostoucího počtu muslimů v Evropě, vysvětluje pojem džihád, nepodceňuje riziko islámské hrozby pro Českou republiku a rovněž zpochybňuje názor o ekonomickém přínosu muslimských imigrantů.
520 . ‡aVýklady věnované hrozbě plíživé islamizace Evropy a České republiky.
648 7. ‡a21. století ‡7ch460559 ‡2czenas
65007. ‡aislamizace ‡7ph311267 ‡zEvropa ‡y21. století ‡2czenas
65007. ‡aislám a společnost ‡7ph297000 ‡zEvropa ‡y21. století ‡2czenas
65007. ‡aislám a společnost ‡7ph297000 ‡zČesko ‡y21. století ‡2czenas
65007. ‡akřesťanství a islám ‡7ph115076 ‡zEvropa ‡y21. století ‡2czenas
65007. ‡akrize (společnost) ‡7ph747045 ‡zEvropa ‡y21. století ‡2czenas
65007. ‡aislamismus ‡7ph811005 ‡y21. století ‡2czenas
65009. ‡aislamisation ‡zEurope ‡y21st century ‡2eczenas
65009. ‡aIslam and society ‡zEurope ‡y21st century ‡2eczenas
65009. ‡aIslam and society ‡zCzechia ‡y21st century ‡2eczenas
65009. ‡aChristianity and Islam ‡zEurope ‡y21st century ‡2eczenas
65009. ‡asocial crisis ‡zEurope ‡y21st century ‡2eczenas
65009. ‡aIslamism ‡y21st century ‡2eczenas
655 7. ‡astudie ‡7fd133597 ‡2czenas
655 9. ‡astudies ‡2eczenas
8524 . ‡bETS ‡bETS ‡cVolný výběr ‡j297 ‡p424470015603 ‡y$50.00
910 . ‡aABG450
999 . ‡a12903 ‡c12903 ‡tbiblio
905 . ‡uadmin
901 . ‡a35168 ‡b ‡c35168 ‡tbiblio ‡sets

Additional Resources